000 00409nam a2200181Ia 4500
001 10095
005 20260306161806.0
008 260306t1973||||xx |||||||||||||| ||spa||
041 _aESP
082 _aRU 891.73
_bD93
100 _aDostoyevski, Fedor
_eAUT
245 0 _aEl Idiota
260 _c1973
300 _a884 páginas :
_c17 cm.
650 _aGEN
654 _aCHU
942 _cLIB
_dJUS
_fJUS
_2ddc
_n
999 _c10095
_d10095